1682 1037 1401 1120 1482 1115 1480 1153 1763 1255 1812 1800 1527 1752 1630 1702 1321 1272 1352 1423 1699 1180 1004 1393 1981 1265 1255 1590 1569 2000 1902 1511 1439 1946 1176 1625 1907 1053 1138 1678 1094 1911 1007 1130 1843 1776 1831 1969 1070 1061 1282 1121 1491 1100 1621 1748 1722 1064 1158 1306 1325 1746 1369 1426 1628 1687 1173 1099 1984 1294 1978 1319 1700 1428 1579 1860 1816 1059 1320 1625 1973 1859 1120 1812 1157 1708 1147 1834 1410 1705 1997 1892 1170 1998 1436 1439 1934 1556 1254 BCNSPRNW ULIB Ver.6.0+V

เปลี่ยนเป็นภาษาไทย

Change to English
 แสดงรายละเอียดบรรณานุกรม
  กลับหน้าหลัก

Brief Record : Get Marc (ISO 2709) : E-mail record : QR code < ปิดหน้าต่าง
LEADER : 00000nam 2200000uu 4500
001    13399122333
003     ULIB
008    130213s2554||||th 000 0 tha d
099    ^aวจ.WA351^bจ173พ
100    ^aจรูญรัตน์ รอดเนียม และสกุนตลา แซ่เตียว
245    ^aพฤติกรรมการสร้างเสริมสุขภาพของนักศึกษาพยาบาลศาสตร์บัณฑิต วิทยาลัยพยาบาลบรมราชชนนี สงขลา /^cโดย จรูญรัตน์ รอดเนียม และสกุนตลา แซ่เตียว
260    ^aสงขลา :^bวิทยาลัยพยาบาลบรมราชชนนี สงขลา,^c2554
300    ^a192 หน้า
650    ^aการส่งเสริมสุขภาพ^xวิจัย
650    ^aนักศึกษาพยาบาล^xการส่งเสริมสุขภาพ^xวิจัย
700    ^aสกุนตลา แซ่เตียว
945    ^p0^l0^i033576
995    ^aเกษร
999    ^aเกษร โพธิ์สุวรรณ
รายการนี้ยังไม่มีแท็ก
คุณยังไม่ได้ล็อกอิน คุณสามารถมีกิจกรรมร่วมกับเว็บไซต์ได้ แต่ต้องล็อกอินก่อน ::
  ล็อกอิน

รายการสื่อสารสนเทศ

ลำดับที่ ประเภท เลขเรียก/บาร์โค้ด สถานที่ สถานะ
1. งานวิจัย
งานวิจัย
วจ.WA351 จ173พ  
  Barcode: 033576
ห้องสมุดวิทยาเขตสวรรค์ประชารักษ์
►วิจัย
บนชั้น

BibComment


ยังไม่เคยถูกคอมเมนท์

คอมเมนท์ทรัพยากรรายการนี้
  คอมเมนท์: พฤติกรรมการสร้าง..


 Copyright 2026. Bcnsprnw @Library